000 00488nam a2200193Ia 4500
005 20240823013739.0
008 240823s9999||||xx |||||||||||||| ||und||
020 _a81-85749-18-3
041 _aENGLISH
082 _A620.106 P5
100 _aKumar D S
245 0 _aFluid Mechanics and Fluid Power Engineering
250 _a6th
260 _c2005
_b"Kataria S K,"
_aDelhi
500 _aYES
650 _aFluid Mechanics
_bAeronautical Engineering
942 _cBK
999 _c168109
_d168109